House of flying daggers Τα ιπτάμενα στιλέτα

Η επική μάχη μεταξύ του οίκου των Ιπτάμενων Στιλέτων (μιας μυστικής και επαναστατικής οργάνωσης) και των τοπικών αρχόντων της δυναστείας Τανγκ, που εν έτει 859 μ. Χ. βρίσκεται σε παρακμή. Πολύ σύντομα όμως διαπιστώνουμε, πως το αρχικά επικό σε διαστάσεις μέγεθος της ιστορίας επικεντρώνεται στους τρε...

Full description

Saved in:
Bibliographic Details
Other Authors: Zhang, Yimou (Screenwriter, Director), Zhang, Ziyi, 1979- (Actor), Kaneshiro, Takeshi (Actor), Lau, Andy, 1961- (Actor)
Format: Slide
Language:Chinese
Greek
Published: [Χ.τ.] : Elite Group Ent. [Εταιρεία διανομής], c2004.
Series:Ταινιοθήκη του Σινεμά ; 69
Subjects:
Tags: Add Tag
No Tags, Be the first to tag this record!

MARC

LEADER 00000cgm a2200000 i 4500
001 1/42994
008 070403s2004 xx ||| | || ||chi||
035 |l 10087495 
040 |a GR-MyUa  |b gre  |e AACR2 
041 0 |a chi  |j gre 
082 7 |a 791.437   |2 (22) 
245 0 0 |a House of flying daggers   |h [μαγνητοσκόπηση] =   |b Τα ιπτάμενα στιλέτα /   |c σκηνοθεσία: Ζανγκ Γιμού. 
246 1 |i Παράλληλος τίτλος:   |a Τα ιπτάμενα στιλέτα  
260 |a [Χ.τ.] :   |b Elite Group Ent. [Εταιρεία διανομής],   |c c2004. 
300 |a 1 βιντεοδίσκος (126 λεπτ.) :   |b ομίλ., έγχρ. ;   |c 4 3/4 ίν. 
490 1 |a (Η ταινιοθήκη του Σινεμά ;   |v 69) 
500 |a Διανέμεται δωρεάν με το τεύχ. 185 (Ιαν. 07) του περιοδικού Σινεμά. 
500 |a Κυκλοφόρησε πρώτη φορά ως κινηματογραφική ταινία το 2004. 
508 |a Μουσική, Σιγκερού Ουμεμπαγιάσι ; κοστούμια, Εμι Γουντα ; σχεδιασμός δράσης σκηνών, Τόνι Τσινγκ Σιου Τουνγκ ; φωτογραφία, Ζάο Ξιαοντινγκ ; ιστορία, Ζανγκ Γιμού & Λι Φενγκ & Γουανγκ Βιν ; σενάριο, Λι Φενγκ & Ζανγκ Γιμού & Γουανγκ Μπιν ; εκτέλεση παραγωγής, Ζανγκ Γουϊπινγκ ; παραγωγή, Μπιλ Κονγκ, Ζανγκ Γιμού. 
511 0 |a Τακέσι Κανεσίρο, Αντι Λαου, Ζανγκ Ζιγι. 
520 8 |a Η επική μάχη μεταξύ του οίκου των Ιπτάμενων Στιλέτων (μιας μυστικής και επαναστατικής οργάνωσης) και των τοπικών αρχόντων της δυναστείας Τανγκ, που εν έτει 859 μ. Χ. βρίσκεται σε παρακμή. Πολύ σύντομα όμως διαπιστώνουμε, πως το αρχικά επικό σε διαστάσεις μέγεθος της ιστορίας επικεντρώνεται στους τρεις πρωταγωνιστές και στο ερωτικό τρίγωνο που αναπτύσσεται μεταξύ τους. 
546 |a Στα κινέζικα με υπότιτλους στα ελληνικά. 
650 0 |a Secret societies  |z China  |v Drama. 
655 7 |a Feature films  |2 lcgft 
700 1 |a Zhang, Yimou,  |e aus  |e drt 
700 1 |a Zhang, Ziyi,   |d 1979-  |e act 
700 1 |a Kaneshiro, Takeshi,  |e act 
700 1 |a Lau, Andy,   |d 1961-  |e act 
830 0 |a Ταινιοθήκη του Σινεμά ;  |v 69 
852 |a INST  |b SYROS  |c AV  |e 20070403  |h 791.437 ZHA  |p 005500007500  |q 005500007500  |t DVD  |y 23 
901 |a BIBL5-2007-1 
970 |a Κοντού  |b Παρασκευή  |z 03/04/2007